Normal view MARC view

Entry Personal Name

Number of records used in: 17

001 - CONTROL NUMBER

  • control field: 137

003 - CONTROL NUMBER IDENTIFIER

  • control field: DLC

005 - DATE AND TIME OF LATEST TRANSACTION

  • control field: 20191113141217.0

008 - FIXED-LENGTH DATA ELEMENTS

  • fixed length control field: 840314n| azannaabn |a aaa

010 ## - LIBRARY OF CONGRESS CONTROL NUMBER

  • LC control number: n 82236825

035 ## - SYSTEM CONTROL NUMBER

  • System control number: (OCoLC)oca01060933

040 ## - CATALOGING SOURCE

  • Original cataloging agency: DLC
  • Language of cataloging: eng
  • Description conventions: rda
  • Transcribing agency: DLC
  • Modifying agency: DLC
  • Modifying agency: ViU
  • Modifying agency: InU
  • Modifying agency: DLC

046 ## - SPECIAL CODED DATES

  • Birth date: 1928
  • Death date: 2014
  • Source of date scheme: edtf

100 1# - HEADING--PERSONAL NAME

  • Personal name: Chandra, Bipan

373 ## - ASSOCIATED GROUP

  • Associated group: National Book Trust
  • Source of term: naf

373 ## - ASSOCIATED GROUP

  • Associated group: Jawaharlal Nehru University
  • Source of term: naf

374 ## - OCCUPATION

  • Occupation: College teachers
  • Source of term: lcsh

375 ## - GENDER

  • Gender: male

377 ## - ASSOCIATED LANGUAGE

  • Language code: eng

400 0# - SEE FROM TRACING--PERSONAL NAME

  • Personal name: Bipan Chandra

400 1# - SEE FROM TRACING--PERSONAL NAME

  • Personal name: Chandra, Bipin

400 0# - SEE FROM TRACING--PERSONAL NAME

  • Personal name: Bipin Chandra

670 ## - SOURCE DATA FOUND

  • Source citation: The Indian left, c1983:
  • Information found: t.p. (Bipan Chandra) jkt. (prof. mod. Ind. hist., Jawaharlal U., Delhi)

670 ## - SOURCE DATA FOUND

  • Source citation: LC data base, 3-8-84
  • Information found: (hdg.: Chandra, Bipan)

670 ## - SOURCE DATA FOUND

  • Source citation: Wikipedia website, Nov. 8, 2006 :
  • Information found: (Bipin Chandra; a historian with Delhi University, India)

670 ## - SOURCE DATA FOUND

  • Source citation: The writings of Bipan Chandra, 2012:
  • Information found: t.p. (Bipan Chandra) jkt. (national res. prof. since 2006; b. 1928; chairman, National Book Trust; prof. emeritus, Jawaharlal Nehru University; associated with Indian History Congress)

670 ## - SOURCE DATA FOUND

  • Source citation: Towards freedom, 2015:
  • Information found: v. 1, t.p. (Bipan Chandra) jacket (d. 2014)

Powered by Koha